Probability for Statistics and Machine Learning (Record no. 11864)

MARC details
000 -LEADER
fixed length control field 00448nam a22001697a 4500
003 - CONTROL NUMBER IDENTIFIER
control field OSt
008 - FIXED-LENGTH DATA ELEMENTS--GENERAL INFORMATION
fixed length control field 230309b |||||||| |||| 00| 0 eng d
020 ## - INTERNATIONAL STANDARD BOOK NUMBER
International Standard Book Number 9781461428848
082 ## - DEWEY DECIMAL CLASSIFICATION NUMBER
Classification number 519.5 DAP
100 ## - MAIN ENTRY--PERSONAL NAME
Personal name GUPTA,Anirban Das
245 ## - TITLE STATEMENT
Title Probability for Statistics and Machine Learning
250 ## - EDITION STATEMENT
Edition statement 1st
260 ## - PUBLICATION, DISTRIBUTION, ETC. (IMPRINT)
Place of publication, distribution, etc New Delhi
Name of publisher, distributor, etc Springer
Date of publication, distribution, etc 2011
300 ## - PHYSICAL DESCRIPTION
Extent 782
650 ## - SUBJECT ADDED ENTRY--TOPICAL TERM
Topical term or geographic name as entry element Probability for Statistics and Machine Learning
942 ## - ADDED ENTRY ELEMENTS (KOHA)
Source of classification or shelving scheme Dewey Decimal Classification
Koha item type Text Books
Holdings
Withdrawn status Lost status Source of classification or shelving scheme Damaged status Not for loan Collection code Home library Current library Date acquired Currency Cost, normal purchase price Bill Number Total Checkouts Full call number Acc. no. / Barcode Date last seen Actual Cost, discounted price Bill Date Koha item type Date last borrowed
    Dewey Decimal Classification     B.Tech(CSE) PIET C-LIBRARY PIET C-LIBRARY 23/02/2023 IN RUPEES 10590.50 IB/IN/223   519.5 DAP 34649 09/03/2023 7413.00 23/02/2023 Reference Books  
    Dewey Decimal Classification     B.Tech(CSE) PIET C-LIBRARY PIET C-LIBRARY 23/02/2023 IN RUPEES 10590.50 IB/IN/223 2 519.5 DAP 34650 01/10/2024 7413.00 23/02/2023 Text Books 16/09/2024

Design & Developed by: PIET Central Library
R70 Miles Stone Pattikalyana Samalkha Panipat 132102
mail ID :- [email protected], Phone No:- 0180-2569700 Ex.216